000
00190nam a2200109Ia 4500
100
_a
#N/A
942
_c
BK
654
_a
LFY
245
_a
Linux for You
260
_b
#N/A
546
_a
ENGLISH
999
_c
32591
_d
32591